000 00334nam a2200133Ia 4500
005 20260326235454.0
008 260326s9999||||xx |||||||||||||| ||und||
100 _aMejía, Juan Luis
245 0 _aLa Ciudad como bien Cultural /
_cJuan Luis Mejía
260 _bColcultura
300 _a267 p.
650 _aDISEÑO URBANO
942 _cBK
999 _c7890
_d7890